000 00622nam a2200181Ia 4500
003 GCL
008 140319s9999 xx 000 0 ara d
040 _aGCL /
_cGCL
082 0 4 _a811.962
_bع ج
100 1 _aعبود كنجو
245 1 0 _aجمال عبدالناصر فى الشعر العربى المعاصر /
_cعبود كنجو
300 _a143 ص ؛
_c24 سم
490 _aالهيئة العامة للاستعلامات
_v0
650 0 4 _aالشعر العربى المعاصر
650 0 4 _aالشعر العربى - دواوين وقصائد
650 0 4 _aجمال عبدالناصر
942 _2ddc
_cBK
999 _c51084
_d51084